| 000 | 00554nam a2200193 a 4500 | ||
|---|---|---|---|
| 005 | 20240925064652.0 | ||
| 008 | 991125s1976 ag 000 0 spa u | ||
| 035 | _aUPN01000045152 | ||
| 049 | _aCG | ||
| 050 | 4 |
_aHB881 _bS3.68 1976 |
|
| 100 | 1 |
_aSauvy, Alfred, _d1898-1990 _930320 |
|
| 245 | 1 | 3 |
_aLa población : _bsus movimientos, sus leyes / _cAlfred Sauvy ; tr. Juan Carlos Larralde. |
| 250 | _a6a ed. | ||
| 260 |
_aBuenos Aires : _bEUDEBA, _c1976. |
||
| 300 | _a143 p. | ||
| 440 | 0 |
_aCuadernos ; _v28 |
|
| 650 | 2 |
_aPoblación _91357 |
|
| 905 | _aLibro | ||
| 999 |
_c45152 _d45152 |
||